| 000 | 00550nam a2200193u 4500 | ||
|---|---|---|---|
| 001 | 614 | ||
| 003 | BD-DhBUF | ||
| 005 | 20250730110748.0 | ||
| 008 | 961810s1991 u | ||
| 040 |
_aStAbUL _cStAbUL _dBD-DhBUF |
||
| 082 | 0 | 4 |
_a658.4013 _222 |
| 099 | _a658.4013 Sco | ||
| 110 | 2 |
_aScottish Enterprise. _9866 |
|
| 245 | 1 | 2 |
_aA guide to total quality management / _cCrawford Beveridge |
| 260 |
_aG.B., _bScottish Enterprise, _c1991. |
||
| 300 | _a341p.,diagrs. | ||
| 650 | 4 |
_aTeam management: executive management. _9867 |
|
| 942 |
_2ddc _cBK |
||
| 999 |
_c614 _d614 |
||